000 00624nam a2200205 a 4500
999 _c2783
_d2783
001 2783
003 BD-JhCC
005 20171107191653.0
008 171106b1967 bg ||||| |||| 00| 0 ben d
035 _a(BD-JhCC)
040 _aBD-JhCC
_dBD-JhCC
041 _aben
082 _a510
_bHAQ 1967
100 _aহক, শামসুল
245 _aমানুষ কি করে গুণতে শিখল /
_cশামসুল হক
260 _aঢাকা:
_bবাঙলা একাডেমী ;
_c১৯৬৭
300 _a১০৪ পৃ.;
_c২২ সেমি
650 _aMathematics
942 _2ddc
_cBK